[Event "Corus Wijk aan Zee"]
[Site " Wijk aan Zee"]
[Date "2007.01.28"]
[Round "13"]
[White "GM Svidler, Peter (RUS)"]
[Black "GM Karjakin, Sergey (UKR)"]
[Result "0-1"]
[WhiteElo "2728"]
[BlackElo "2678"]
[Annotator "Âàñèëèé Ëåáåäåâ"]
[PlyCount "64"]
[EventDate "2007.01.??"]
[EventType "tourn"]
[EventCountry "NED"]
[EventCategory "19"]
[Source "CrestBook.com"]
[TimeControl "40/7200:20/3600:1800"]

{Èòàê, ïîñìîòðèì, êàê áóäåò èãðàòü Ñâèäëåð ïîñëå êàòàñòðîôû â 12-ì òóðå.} 1. e4
c5 2. Nf3 d6 3. d4 cxd4 4. Nxd4 Nf6 5. Nc3 a6 6. Be3 e5 7. Nb3 Be6 8. Qd2 Nbd7
9. O-O-O Be7 10. f3 b5 {Ïðåìüåðà íà ãëàâíîé ñöåíå â Âåéêå!} ({
Äâàæäû äî ýòîãî íà òóðíèðå Òîïàëîâ èãðàë} 10... h5 {
. Â 3-ì òóðå ñ Êàðÿêèíûì (>= 16), è â 11-ì ñî Ñâèäëåðîì (>= 76).}) 11. g4 b4
12. Nd5 ({Îòñòóïàþò êîí¸ì è íà å2, ïðè÷,ì, â áèîãðàôèè Ïåòðà åñòü ýôôåêòíàÿ
ïàðòèÿ, âûèãðàííàÿ â ýòîì ðàçâåòâëåíèè} 12. Ne2 a5 13. Kb1 h6 14. Ng3 a4 15.
Nc1 d5 16. Nf5 Bxf5 17. gxf5 d4 18. Bf2 O-O 19. Rg1 Kh8 20. Bb5 Nc5 21. Nd3 a3
22. Nxe5 axb2 23. Bxd4 Rxa2 24. Kxa2 Qa5+ 25. Kxb2 Qxb5 26. Rxg7 Kxg7 {
Svidler,P (2735)-Sutovsky,E (2697)/Mallorca 2004/CBM 104 no vc/1-0 (31)}) (12.
Na4) 12... Bxd5 13. exd5 Nb6 14. Na5 Nbxd5 ({Ëþáîïûòíî, ÷òî ýòó æå ïîçèöèþ
îòñòàèâàë çà áåëûõ è ñàì Êàðÿêèí! Åãî ñîïåðíèê èãðàë} 14... Nfxd5 {
è, äóìàåòñÿ, ÷òî çäåñü ñèëüíåå} 15. Nb7 $1 ({âìåñòî} 15. Nc6 {1/2-1/2 Karjakin
,S (2679)-Ponomariov,R (2721)/Tomsk RUS 2006/The Week in Chess 610 (75)}) 15...
Qc7 16. Bxb6 $1 Nxb6 17. Nxd6+ {è ò.ä.}) 15. Nc6 Qc7 16. Nxb4 $146 {
Èòàê, âîò ìû äîáðàëèñü è äî íîâèíêè.} ({Ðàíåå âñòðå÷àëîñü} 16. Nxe7 Nxe3 17.
Qxe3 Kxe7 18. h4 Rhc8 19. Rh2 Qc5 20. Qd3 a5 21. Bh3 Rc7 22. g5 Ne8 23. Qxh7 a4
24. g6 $2 {È çäåñü, ïîõîæå, âûèãðûâàëî} b3 $1 ({îäíàêî â ïàðòèè ïîñëåäîâàëî} 
24... f6 25. Qg8 b3 26. Rhd2 Qc4 27. Qxc4 Rxc4 28. a3 Rxh4 {è çäåñü ïî÷åìó-òî
ïîñëåäîâàëî ñîãëàøåíèå íà íè÷üþ 1/2 (Van der Weide,K (2463)-Borovikov,V
(2578)/Senden GER 2006)}) 25. gxf7 (25. a3 Qe3+ 26. Kb1 bxc2+ 27. Rxc2 Rxc2 28.
Kxc2 Ra5) 25... bxa2 26. fxe8=Q+ Rxe8 27. Qxg7+ Kd8 28. Qf6+ Rce7 29. Kd2 Qd4+
30. Ke2 Qxd1+ $1) 16... Nxb4 17. Qxb4 O-O 18. g5 Rfc8 19. Qa4 ({Íà} 19. Bd3 {
åñòü} e4 $1 {È ÿ äóìàþ, ÷òî èìåííî ïîñëå 19-ãî õîäà ïàðòèÿ áåëûõ ïîïîëçëà â
ïðîïàñòü. Íî ÷òî ïðåäëîæèòü âçàìåí, ëè÷íî ìíå íåïîíÿòíî...}) 19... Rab8 20.
Bd3 Nd7 ({Íåïëîõîé àëüòåðíàòèâîé ýòîìó ïåðåâîäó êîíÿ âûãëÿäèò ïîíà÷àëó} 20...
e4 $6 {Íî äàæå ïîñëå íåñèëüíåéøåãî} {íî äàæå ïîñëå} 21. fxe4 $6 {
áåëûå âûâîðà÷èâàþòñÿ:} Ng4 22. Bd4 a5 $5 23. a3 (23. c3 $4 Rb4 24. Qc2 Rxd4
25. cxd4 Qb7) 23... Bxg5+ 24. Kb1 Be3 {òî åñòü:} 25. Ba6 Bxd4 26. Bxc8 Rxb2+
27. Kc1 Qxc8 28. Rxd4 Qb8 29. Rb4 $1 Rxb4 30. axb4 axb4 31. Rd1 {
, è, êàê ìèíèìóì, ó áåëûõ íå õóæå.}) ({Ê òîìó æå  (ïîñëå} 20... e4 $6 {
) ñèëüíåå} 21. Bxe4 Nxe4 ({èçëèøíå êðàñèâî} 21... d5 22. gxf6 Rb4 23. Qxa6 Rxe4
24. Qxc8+ $1) 22. Qxe4 Rb4 23. Qd3 Qb7 24. b3 Qxf3 {è ò.ä.}) 21. Qe4 g6 $1 (
21... Nf8 {- ýòî êîíå÷íî, êîìïüþòåðíûé, ÷òî â äàííîì ñëó÷àå îçíà÷àåò
«äåòñêèé», ëåïåò.}) 22. Bxa6 ({
À âîò òàê îòáèâàþòñÿ ëèõèå, «ïåðâîðàõðÿäíûå», àòàêè:} 22. h4 Nc5 23. Bxc5 {
- ýòîãî êîíÿ, ìàðøèðóþùåãî â íàïðàâëåíèè áåëîãî êîðîëÿ, åñòåñòâåííî, íàäî
ñðàçó óíè÷òîæèòü.} Qxc5 24. h5 $4 Bxg5+ 25. Kb1 Rxb2+ $1) 22... Rb4 $1 {
×òî íè ãîâîðè, ñèìïàòè÷íî ñûãðàíî! Îäíà ëàäüÿ ïîä áîåì, «çíà÷èò», íàäî
äëÿ ñèììåòðèè è äðóãóþ «ïîäñòàâèòü».  È ÷òî ó íàñ ïîëó÷àåòñÿ? Îòñþäà è
äî êîíöà - èä,ò ôîðñèðîâàííûé (ïî÷òè?) ðàçãðîì áåëûõ. Çíà÷èò, îøèáêà èìè
áûëà ñîâåðøåíà ãäå-òî ðàíåå...} 23. Qd3 ({Ïîñëå} 23. Bxc8 {
çà ôåðçÿ áåëûå ïîëó÷àþò äî îáèäíîãî ìàëî:} Rxe4 24. fxe4 Qxc8 $19) 23... Rcb8
24. b3 {Áåëûå äàâíî óæå äåëàþò îäèí çà îäíèì åäèíñòâåííûå õîäû. Íî îíè (ýòè
åäèíñòâåííûå õîäû) èìåþò îáûêíîâåíèå çàêàí÷èâàòüñÿ....} ({
Ïîìåíÿòü ôåðçåé ïóò¸ì} 24. Qc3 {íå ïîëó÷àåòñÿ} Nc5 25. Bxc5 (25. Bc4 Bxg5 $1
26. Bxg5 Na4 $19) 25... Bxg5+ 26. Kb1 (26. Be3 Qxc3 27. bxc3 Bxe3+ 28. Rd2 Rb1#
) 26... Rxb2+ 27. Ka1 dxc5 $19 {, è êàê òîëüêî ñëîí ÷¸ðíûõ «îòêðîåò
ëè÷èêî» íà áîëüøîé ÷¸ðíîé äèàãîíàëè (à íå î÷åíü-òî âèäíî, êàê ýòîìó
âîñïðåïÿòñòâîâàòü, âñ¸ çàêîí÷èòñÿ.  Âîçìîæåí, íàïðèìåð, òàêîé âàðèàíò} {
ÂÎçìîæåí, íàïðèìåð, àòàêîé âàðèàíò} 28. Bc4 R2b4 29. a3 Qa7 30. Ka2 Bf6 31. Rd6
Rb2+ 32. Ka1 Rxc2 $1 33. Qxc2 Qxa3+ 34. Ba2 Bg7 $1 $19) 24... Nc5 25. Bxc5 ({
Èëè} 25. Qe2 Rxb3 $1 26. axb3 Nxb3+ 27. Kb1 Nd4+ {è àìáà!}) 25... Qxc5 26. Qd5
{Â ýòîò ìîìåíò â Êàðÿêèíà áûëî óæå ïî÷òè íà ÷àñ áîëüøå âðåìåíè!} Qa7 27. Bc4
({Èëè} 27. c3 Qxa6 28. cxb4 Qxa2 {- ñ òî÷êè çðåíèÿ áåëûõ ïðîñòî êîøìàð!})
27... Bxg5+ 28. Kb2 (28. Kb1 Ra8 $19) 28... Ra4 29. a3 Ra5 30. Qe4 {
È çäåñü Ñåðãåé íà÷àë äîãîíÿòü Ïåòðà ïî âðåìåíè.} ({Íàâåðíîå, ñ÷èòàë (ïîñëå} 
30. Qe4 {)} d5 {Êîíå÷íî, ïðè æåëàíèè, ìîæíî  è òóò «íàêîïàòü» êðàñèâîñòåé.
Íàïðèìåð, ñûãðàòü (â àíàëèçå)} 31. Bxd5 {, ïîñëå ÷åãî ïðîèñõîäèò êðàñèâûå
ìåòàíèÿ (ïî Äîñòîåâñêîìó :)) ÷¸ðíîãî ñëîíà ïî âñåé äîñêå:} Be7 32. Qxe5 (32.
a4 Rxa4 33. Qxe5 Bf8) 32... Bxa3+ 33. Kb1 Bf8 $1 34. Qb2 (34. Qd4 Qxd4 35. Rxd4
Bg7) 34... Bg7 {«ß Âàì áðîñàþ âûçîâ áåëûé Ôåðçü!»} 35. c3 Rc5 36. Rd3 Qa5) (
30. Qxd6 Be7 31. Qd7 Bxa3+ 32. Kb1 Rb7) ({Íî, âî-ïåðâûõ, â ýòîì âàðèàíòå
âïîëíå âîçìîæíû óñèëåíèÿ, à, âî-âòîðûõ, áåëûå êîíå÷íî (ïîñëå} 30. Qe4 d5 {
), êîíå÷íî, ñûãðàëè áû ñèëüíåå. À èìåííî -} 31. Rxd5 Rxa3 {
31.Rxd5 Rxa3 32.Qxe5 Ra2+ 33.Kc3! (õóæå 33.Kb1 Ra8).} 32. Qxe5 Ra2+ 33. Kc3 $1
({õóæå} 33. Kb1 Ra8) {
È ïåðåâåñ ÷¸ðíûõ âåñüìà óìåíüøèëñÿ, ê òîìó æå íå ïðîõîäèò} 33... Bh6 $2 {èç-çà
} 34. Rhd1 {, è âñ¸ ñòàíîâèòñÿ ñ íîã íà ãîëîâó:} Rf8 35. Rd8 Bg7 36. Rxf8+ Bxf8
(36... Kxf8 37. Rd8#) 37. Rd8 {è ò.ä.}) {
Íåò! ÑóïåðÑåð,æà èãðàåò òî÷íî è ñèëüíî! È ÷òî, íåìàëîâàæíî, êðàñèâî!} 30...
Be3 $1 ({Íåïëîõî, âïðî÷åì, è} 30... Kg7 $5 {ñ èäååé} 31. Rxd6 Be7 32. Rc6
Bxa3+ 33. Kb1 Bb4 $19 {.}) 31. c3 {
Â ýòîé ïîçèöèè õîòü äåñÿòü Êðàìíèêîâ ïîñàäè çà áåëûõ, íî íå ñïàc,òcÿ íèêòî.} ({
Ïëîõî è} 31. Rxd6 Bc5 32. Rd5 Bxa3+ 33. Kb1 Bc5 {
È òåïåðü äâå íåñëîæíûå âåòî÷êè àíàëèçà:} 34. Qxe5 (34. Kb2 Bd4+ 35. Rxd4 exd4
36. Rb1 {(«êîìïîâàÿ» çàùèòà)} Ra2+ 37. Kc1 d3 $3 {È òàêîå æå îïðîâåðæåíèå!}
38. Qxd3 Re8 $19 {È ó áåëîãî êîðîëÿ â ãîëîâå ïåðåä ñìåðòüþ ïðîìåëüêí,ò îäíà
ëèøü ìûñëü: «Îêðóæàþò!»}) 34... Ra8 35. Kb2 Ra1 36. Rdd1 (36. Rxc5 Rxh1)
36... Ra2+ 37. Kc3 (37. Kb1 Bb4 $1) 37... Bb4+ $1 38. Kd3 (38. Kxb4 Qa3+ 39.
Kc3 Qb2+) 38... Rd8+ 39. Ke4 Bd2) 31... Rxa3 32. Ra1 Ra8 {
È çäåñü, íå äîæèäàÿñü äåìîíñòðàöèè âûèãðûâàþùèõ âàðèàíòîâ, áåëûå ñäàëèñü.} (
32... Ra8 33. Qxa8+ Qxa8 34. Rxa3 Qxf3 35. Rf1 Qg2+ 36. Kb1 d5 {
, è ïåøêà ïðîñòî èä,ò âïåð,ä.}) ({Èëè (ïîñëå} 32... Ra8 {
) âîçìîæåí òàêæå áûë ñëåäóþùèé «øåäåâðèê» -} 33. Qb1 Bc1+ $3 {(ñðàçó èëè
ëå ðàçìåíà íà à1).  Äà óæ, èíà÷å êàê êàòàñòðîôè÷íûì, ôèíèø Ïåòðà
Âåíèàìèíîâè÷à íà Âåéêå íå íàçîâ,øü...  À âîò Ñåð,æà èãðàë êàê íàñòîÿùèé
ñóïåðàòàêóþùèé ìîíñòð!}) 0-1

[Event "Corus Wijk aan Zee"]
[Site " Wijk aan Zee"]
[Date "2007.01.28"]
[Round "13"]
[White "GM Kramnik, Vladimir (RUS) "]
[Black "GM van Wely, Loek (NED)"]
[Result "1-0"]
[WhiteElo "2766"]
[BlackElo "2683"]
[Annotator "Âàñèëèé Âèðøè÷"]
[PlyCount "75"]
[EventDate "2007.01.??"]
[EventType "tourn"]
[EventCountry "NED"]
[EventCategory "19"]
[Source "CrestBook.com"]

1. d4 d5 2. c4 c6 3. Nf3 Nf6 4. e3 e6 5. Bd3 Nbd7 6. b3 b6 7. O-O Bb7 8. Bb2
Be7 9. Nc3 O-O 10. Qc2 {Óíèâåðñàëüíàÿ ðàññòàíîâêà, êîòîðóþ ìîæíî ïðèìåíÿòü íà
ðàçëè÷íûå ïîñòðîåíèÿ ÷¸ðíûõ. Ñàì òàê âñåãäà õîòåë èãðàòü, íî ìåøàëà ëþáîâü
ê 1.å4!} Rc8 11. Rad1 Qc7 12. Ne5 $1 ({
Íè÷åãî ðåàëüíîãî íå ïîëó÷àþò áåëûå â ñëó÷àå} 12. e4 dxe4 13. Nxe4 Nxe4 14.
Bxe4 Nf6 15. Bd3 Rfd8 16. Ne5 c5 17. dxc5 Bxc5 $11 {
, êàê áûëî â ïàðòèè Iskusnyh,S (2510) - Aleshin,O (2412)/Moscow RUS 2006.})
12... h6 ({Êîíå÷íî íå} 12... Nxe5 $2 13. dxe5 Qxe5 14. Nxd5 $18) 13. Qe2 Rfd8
$146 ({
Â ïàðòèè Farago,I (2530)-Dumitrache,D (2420)/Hungary 1999/EXT 2000 áûëî ñûãðàíî
} 13... Nxe5 $6 14. dxe5 Nd7 15. f4 dxc4 16. bxc4 Rfd8 17. Ne4 Nf8 18. Nd6 $1
Bxd6 19. exd6 Qd7 20. c5 $1 f6 21. Bc4 {ñ áîëüøèì ïåðåâåñîì}) 14. f4 c5 $6 ({
Ñòîèëî ïðåäâàðèòåëüíî ïðèêðûòü ïîëå b5 ïóò¸ì} 14... a6) 15. cxd5 Nxd5 ({
×åì ïëîõ õîä} 15... exd5 $6 {ñïðîñèòå ó ñëîíà b7!}) 16. Nb5 Qb8 17. Nxd7 $6 (
17. f5 $1 Nxe5 18. dxe5 a6 19. fxe6 axb5 20. Qh5 $1 c4 21. Bb1 c3 22. Rxd5 $3
Bxd5 23. Qxf7+ Kh8 24. Bxc3 $1 Rxc3 25. Qf5 {(Õàëèôìàí).}) 17... Rxd7 18. f5 $1
{Íà÷èíàÿ ïðÿìóþ àòàêó íà êîðîëÿ (êàê âûÿñíèëîñü ïîçäíåå - ñ îïîçäíàèåì vasa)}
Bg5 19. fxe6 fxe6 20. Qg4 Re7 ({Íåëüçÿ îòâëåêàòü ñëîíà îò çàùèòû êëþ÷åâîãî
ïîëÿ f6. Õîòÿ âàðèàíòû, äîêàçûâàþùåå ýòî, íå ñëèøêîì-òî è ïðîñòû (äà, êàê
îêàçàëîñü, è íåâåðíû - vasa)} 20... Bxe3+ $2 21. Kh1 Re8 $2 ({Íî ëó÷øå} 21...
Nf4 22. Rxf4 {è òåïåðü íå} Bxf4 $2 23. Qxe6+ Rf7 24. Bc4 Rcf8 25. dxc5 Kh8 (
25... bxc5 26. Rd7) 26. c6) ({à (ïîñëå} 21... Nf4 22. Rxf4 {)} Qxf4 $1 {
22.Rxf4? Qxf4! 23.Qxe6+ Rf7 24.Rf1 Bf2 25.Qg6 Rd8!} 23. Qxe6+ Rf7 24. Rf1 Bf2
25. Qg6 Rd8 {«àòàêà çàõîäèò â òóïèê» (Õàëèôìàí).}) (21... Nf4 22. d5 $3 {
22.d5!! Bxd5 23.Be4! Qb7 24.Nc3!!, íî è çäåñü áåëûå çà ïåðåâåñ íå áîðþòñÿ.}
Bxd5 23. Be4 $1 Qb7 24. Nc3 $3 {
«íî è çäåñü áåëûå çà ïåðåâåñ íå áîðþòñÿ» (Õàëèôìàí).}) 22. dxc5 bxc5 (22...
Bg5 23. Qh5 $1 Ne3 (23... Qa8 24. Be4 Nf4 25. Bxb7 Nxh5 26. Bxa8 Rxd1 27. Rxd1
Rxa8 28. c6) 24. Bh7+ $1 Kxh7 25. Rxd7 Bxg2+ (25... Rg8 26. Rff7) 26. Kg1 Rg8
27. Rff7 e5 28. Nd6) 23. Qg6 ({çäåñü åñòü íå îäíî ðåøåíèå} 23. Nd6 $1) 23...
Nf4 24. Qh7+ Kf8 {è ñåé÷àñ ñàìîå ÷åòêîå} 25. Be4 $1 Bd5 (25... Bxe4 26. Qh8+
Ke7 27. Qxg7+ Kd8 28. Qxd7#) 26. Bxd5 (26. Nc3 $18) 26... exd5 27. Rf3 $1 d4
28. Rxe3 $3) 21. Qe4 Nf6 22. Qg6 Kh8 23. dxc5 Rxc5 ({Ïåðåêðûòèå äèàãîíàëè ïóò¸ì
} 23... e5 {îñëàáëÿåò ïîëå f5, êóäà óñòðåìëÿåòñÿ áåëûé êîíü -} 24. Nd6 Rxc5 (
24... bxc5 25. Bxe5 $1) (24... Qa8 25. h4 Bxe3+ 26. Kh2 Rf8 27. Bxe5 $1) 25.
Nf5 Rd7 26. h4 $1 $18) ({Åù¸ íåîáõîäèìî íàéòè âûèãðûø ïîñëå} 23... Bxe3+ 24.
Kh1 Rf8 {È î÷åíü ìîæåò áûòü, ÷òî òóò ñëåäóåò ïåðåéòè ê ÷èñòî «êîìïîâîìó»
îòáîðó ìàòåðèàëà ïóò¸ì} {
è ñîæåò áûòü òóò ñëåäóåò ïåðåéòè ê ÷èñòî êîîìïîâîìó îòáîðó ìàòåðèàëà ïóò¸ì}
25. Rde1 ({Èáî åñëè ñòóêíóòü} 25. Rxf6 {
ñðàçó, ìîãóò âîçíèêíóòü íåêîòîðûå ïðîáëåìû:} gxf6 26. Bxf6+ Rxf6 27. Qxf6+ Rg7
28. Bg6 Bg5 $1 {(ïðèêðûâàÿ ïîëå d8)} 29. Qxe6 Qa8 $1 {
È, êàæåòñÿ, ÷òî íàäî ìåíÿòü ôåðçåé:} 30. Qe8+ Qxe8 31. Bxe8 bxc5 {
, ÷¸ðíûå áåç ïåøêè, íî ó íèõ äâà ñëîíà â îòêðûòîé ïîçèöèè. Ãì-ì...}) 25... Bg5
26. Ba3) 24. Rxf6 $1 {Ðàçðóøàÿ óêðåïëåíèÿ ÷¸ðíîãî êîðîëÿ.} gxf6 25. Bxf6+ Bxf6
26. Qxf6+ Rg7 27. Qxh6+ {Ïîäêðåïèìñÿ íåìíîãî...} Kg8 28. Qxe6+ {
È åù¸ íåìíîãî...} Kh8 29. Qh6+ Kg8 30. e4 ({×èñòî êîìïüþòåðíûå ýôôåêòû íàì,
â îáùåì-òî, è íè ê ÷åìó, íî ïîñìîòðåòü èõ ñòîèò:} 30. b4 $5 Rc6 (30... Qf8 31.
Bh7+ $1 ({îñëîæíåíèÿ ïîñëå} 31. Qe6+ Kh8 32. Qh3+ Kg8 33. bxc5 Rxg2+ {
íàì íå íóæíû:} 34. Qxg2+ Bxg2 35. Bc4+ Kh7 36. Rd7+ Kg6 37. Rd6+ Kg5 38. Kxg2
bxc5) 31... Rxh7 32. Qe6+ Kh8 33. bxc5 Bxg2 (33... bxc5 34. Qe5+ Rg7 35. Nd6)
34. Qd6 $1 $18) (30... Rxg2+ $2 31. Kf1 Rc7 32. Qf6 $1 Rgg7 33. Bc4+ Rxc4 34.
Rd8+ {, è çäåñü óìåñòíî ïðåðâàòüñÿ.}) 31. Nd6 $1 Qf8 (31... Rxg2+ 32. Kh1 $1
Rxd6 33. Bc4+ Bd5 34. Bxd5+ Rxd5 35. Rxd5 Rg7 36. Qe6+ Rf7 37. Rd7 {
ñ ïåðåõîäîì â «ïåøå÷íèê» ñ äâóìÿ, êàê ìèíèìóì, ëèøíèìè ïåøêàìè}) 32. Qe6+
Kh8 33. Qh3+ $1 Kg8 34. Nf5 Qc8 35. Nxg7 Qxh3 36. gxh3 Kxg7 37. Be4 Rc7 38.
Bxb7 Rxb7 39. Kf2 {, è ëàäåéíûé ýíäøïèëü ëåãêî âûèãðûâàåòñÿ.}) 30... a6 31. Nd6
b5 32. Qe6+ {Íà÷èíàÿ âòîðîé è ðåøàþùèé «øàõîâàòåëüíûé» öèêë.} Kh8 33. Nf7+
Kg8 34. Ng5+ Kh8 35. Qh6+ Kg8 36. Ne6 {
Îäíèì êà÷åñòâîì ÷¸ðíûå ÿâíî íå îòäåëàþòñÿ.} Rh7 ({Âàðèàíòû òèïà} 36... Rcc7
37. Bxb5 $1 axb5 38. Rd8+ {è óêàçûâàòü äàæå êàê-òî è íå óäîáíî.}) 37. Qg6+ Kh8
38. e5 $1 {È êàê ãîâîðèëè â ñòàðèíó: ìàò íå ïîçäíåå 13-ãî õîäà! :)} ({
×¸ðíûå ñäàëèñü, íå æåëàÿ ïðîâåðÿòü ñïîñîáíîñòü ×åìïèîíà ê îòûñêàíèþ (ïîñëå} 
38. e5 $1 {) ñëåäóþùåãî âàðèàíòà:} Rhc7 (38... Rcc7 39. Qf6+ Rcg7 40. Bg6 {
òàêæå ñ áûñòðûì ìàòîì}) 39. Qh5+ {Òîíêèìè ìàí¸âðàìè ôåðçÿ ñ êîí¸ì ÷¸ðíûé
êîðîëü âûãîíÿåòñÿ â «÷èñòî ïîëå», ãäå åìó óæå íèêòî íå ïîìîæåò.} Kg8 40.
Bh7+ $1 Rxh7 41. Qg5+ Kf7 42. Nd8+ Kf8 43. Qf6+ Kg8 44. Qe6+ Kh8 45. Qe8+ Kg7
46. Qf7+ Kh6 47. Qf6+ Kh5 48. g4+ $1 Kxg4 49. Rd4+ Be4 50. Rxe4+ Kh5 51. Rh4#)
1-0